Дело об утверждении профессора И.-Х. Мойера ректором Дерптского университета на 1834-1835 учебные годы

Доступно только в Электронных читальных залах Найти на картеНа карте
RUSMARC
00004307nmc2a2200000 x 450
00141af656d-2c49-4ef9-a812-01dc8b3bdc65
00520171002140144.0
100##$a20140513l18331833k l0rusy0189 ca
1010#$arus
102##$aRU
2001#$aДело об утверждении профессора И.-Х. Мойера ректором Дерптского университета на 1834-1835 учебные годы
$j18 ноября - 9 декабря 1833 г.
251##$cДело
300##$aДело
300##$aОриг. заголовок дела: Дело по представлению попечителя Дерптского учебного округа об утверждении профессора Мойера в звании ректора Дерптского университета на будущий 1834 год. 15 ноября 1833 г. - 9 декабря 1833 г
801#0$aRU
$bРГИА
$c20140513
$gRCR
801#1$aRU
$bГлавНИВЦ
$c20140513
$2rusmarc
801#2$aRU
$bПБ им. Б.Н. Ельцина
$c20171002
$gRCR
$2rusmarc
850##$aРГИА
852##$aРГИА
$eФедеральное казенное учреждение "Российский государственный исторический архив" (РГИА)
$j563
937##$hРГИА
$d11175542
$aASBIBLIO_SCAN
462#0$10015faafd89-1df2-4e8f-a0ba-1d8a620713c6
$12001
$aДела Департамента народного просвещения по Дерптскому учебному округу за 1802-1836 гг.
$1251
$cОпись
$1852
$j56
461#0$1001a74412a3-3cc5-4d21-8f0a-dfe2fbd9e72d
$12001
$aДепартамент народного просвещения Министерства народного просвещения (1803-1917)
$1251
$cФонд
$1852
$j733
215##$a27 л.
$d36,5х26 см
371##$aДокумент не является опубликованным и широко распространяемым
105##$ay###
1222#$ad
5171#$aДело по представлению попечителя Дерптского учебного округа об утверждении профессора Мойера в звании ректора Дерптского университета на будущий 1834 год. 15 ноября 1833 г. - 9 декабря 1833 г
035##$a41af656d-2c49-4ef9-a812-01dc8b3bdc65
856##$uhttp://readingroom.main.prlib.ru/item.aspx?id_node=n105961977&mode=full
Формат отображения